000 01328nac a22002771i 4500
003 EG-ScBUE
005 20250813093044.0
008 250721t1981 nyua f bf 001 0 eng d
020 _a0070650330
040 _aEG-ScBUE
_beng
_erda
_cEG-ScBUE
_dEG-ScBUE
082 0 4 _a546.7
_bPRO
_222
245 1 0 _aProperties of nonmetallic fluid elements /
_cedited by Y. S. Touloukian, director, Center for Information and Numerical Data Analysis and Synthesis and Distinguished Atkins professor of engineering School of Mechanical Engineering, Purdue University, C. Y. Ho, Assistant Director and Head of Reference Data Division Center for Information and Numerical Data Analysis and Synthesis, Purdue University.
264 1 _aNew York :
_bMcGraw-Hill Book Company,
_c[1981]
264 4 _cc1981
300 _axvi, 208 pages :
_billustrations ;
_c29 cm.
336 _2rdacontent
_atext
_btxt
337 _aunmediated
_2rdamedia
_bn
338 _avolume
_bnc
_2rdacarrier
490 0 _aMcGraw-Hill/CINDAS data series on material properties ;
_vvolume III-2
504 _aIncludes bibliographical references and index.
650 7 _aGases
_xHandbooks, manuals, etc.
_2BUEsh
655 _vReading book
700 1 _aHo, C. Y.
_q(Cho Yen),
_d1928-
_eeditor.
700 1 _aTouloukian, Y. S.
_q(Yeram Sarkis)
_d1918-1981,
_eeditor.
942 _cBB
_2ddc
999 _c8529
_d8529